Ferran Soriano : els meus homenatges / els meus homenatges /
Descripción Física:
35 pàgines ; il·lustracions en color ; 21 cm
Idioma:
Catalán
MARC
| LEADER | 00000nam a2200000 a 4500 | ||
|---|---|---|---|
| 001 | 26179 | ||
| 005 | 20260324181128.0 | ||
| 008 | 091016s2009 spc|||a|| 000 ||cat|c | ||
| 017 | |a DL B. 35060-2009 | ||
| 035 | |a (grupb)991032830159706706 | ||
| 080 | |a FU-72-1 | ||
| 245 | 0 | 0 | |a Ferran Soriano : |b els meus homenatges / |c text d'introducció: Ramon Casalé ; fotografia: Eva Guillamet |
| 260 | |a Barcelona : |b Diputació de Barcelona, |c setembre 2009 | ||
| 300 | |a 35 pàgines ; |b il·lustracions en color ; |c 21 cm | ||
| 500 | |a Catàleg de l'exposició celebrada a Can Castells-Centre d'Art, Sant Boi de Llobregat l'any 2009 | ||
| 600 | 0 | |a Soriano i Rivero, Ferran, |d 1944- |2 lemac |9 53809 |v Exposicions | |
| 700 | |9 53810 |a Casalé, Ramon |e autor d'un pròleg | ||
| 700 | |a Guillamet, Eva |e fotografia |9 53811 | ||
| 710 | 1 | |a Barcelona (Catalunya : Província). |9 53536 |b Àrea de Cultura | |
| 908 | |a MACBA | ||
| 942 | |2 udc |c ARXIU |n 1 | ||
| 952 | |0 0 |1 0 |4 0 |6 FU721 |7 1 |9 62690 |a Arxiu |b Arxiu |d 2022-07-06 |l 0 |o FU-72-1 |p 26179 |r 2022-07-06 00:00:00 |w 2022-07-06 |y ARXIU | ||
| 999 | |c 82222 |d 82222 | ||